00323nam a22001217a 450000500170000000800410001704100080005808200080006610000600007424500290013426000300016330000080019320240808171044.0240808b |||||||| |||| 00| 0 eng d aeng bASW aAsware Vaishnavi - 2K211005 & Dr. Sonali Parchure-Guide aEquity Research Analysis a Pune bSPPUc March-2023 a58p